Výzvy riadenia ľudských zdrojov v kontexte vplyvu štvrtej priemyselnej revolúcie
Odhalenie zmien v riadení ľudských zdrojov, ktoré sú spôsobené vplyvom štvrtej priemyselnej revolúcie. Upriamenie detailnejšej pozornosti na hodnoty v systéme riadenia ľudských zdrojov a prejavy digitalizácie informácií, na ktoré spoločnosť Amazon reaguje technologickými inováciami smerom k zákazník...
Gespeichert in:
| 1. Verfasser: | |
|---|---|
| Weitere Verfasser: | |
| Format: | Buchkapitel |
| Sprache: | Slowakisch |
| Schlagworte: | |
| Tags: |
Keine Tags, Fügen Sie das erste Tag hinzu!
|
MARC
| LEADER | 00000naa$a2200000$$$4500 | ||
|---|---|---|---|
| 001 | 0269672 | ||
| 005 | 20240502083808.5 | ||
| 041 | 0 | |a slo | |
| 044 | |a CZ | ||
| 245 | 1 | 0 | |a Výzvy riadenia ľudských zdrojov v kontexte vplyvu štvrtej priemyselnej revolúcie |c Diana Puhovichová, Nadežda Jankelová |
| 520 | |a Odhalenie zmien v riadení ľudských zdrojov, ktoré sú spôsobené vplyvom štvrtej priemyselnej revolúcie. Upriamenie detailnejšej pozornosti na hodnoty v systéme riadenia ľudských zdrojov a prejavy digitalizácie informácií, na ktoré spoločnosť Amazon reaguje technologickými inováciami smerom k zákazníkom a k zamestnancom. Téma moderných nástrojov a koncepcií v systéme riadenia ľudských zdrojov. | ||
| 610 | 2 | 0 | |a priemysel 4.0 |
| 610 | 2 | 0 | |a digitalizácia |
| 610 | 2 | 0 | |a revolúcia priemyselná |
| 610 | 2 | 0 | |a riadenie ľudských zdrojov |
| 610 | 2 | 0 | |a inovácie technologické |
| 100 | 1 | |a Puhovichová, Diana, 1994- | |
| 700 | 1 | |a Jankelová, Nadežda, 1966- | |